00810nam a22002297a 4500003000500000005001700005008004100022010001100063011001100074035001100085040000900096100002900105245012500134260004000259500006000299502007000359650002900429650001800458650002400476856006400500856001600564CHAP20220329143840.0120116s2011 mx r 00010 spa d a102740 a103712 a114401 cCHAP1 aAlvarez Romero, Angelica10aContribución al conocimiento de los agrosistemas tradicionales de Méxicoh[En línea]c/por Angelica Alvarez Romero aChapingo, Méx. :bEl autor,c2011 aPara ver el contenido del material haga clic en la liga aTesis (Ing. en Agroecologia -- UACH. Departamento de Agroecologia14aAgricultura tradicional.14aAgrosistemas.14aCultivos asociados. 3Finding aiduhttp://10.13.5.2/tesis/114401.pdfzTeclea aqui a1 n0000301